On literary roads: a guide to the (fictional) cities in literature

Bibliographic Details
Main Author: Hricková, Mária, 1982- (Author)
Format: Article
Language:English

MARC

LEADER 00000nab a2200000ua 4500
001 vtls010841099
003 SK-MaSNL
005 20260305005447.0
008 230222s2010 xo |||||||||||||||||eng|
035 |a (urnnbn)urn:nbn:sk:snk:ar-a06y5c 
035 |a urn:nbn:sk:snk-ab63q9 
035 |a (uuid)43b25a31-1bf0-4d32-a77b-febf2715f6e9 
040 |a SNKBUCL  |b slo  |c SNKBUCL  |e AACR2 
041 0 |a eng 
044 |a xo  |c SK 
100 1 |a Hricková, Mária,  |d 1982-  |4 aut  |9 157052 
245 1 0 |a On literary roads: a guide to the (fictional) cities in literature  |c Mária Kiššová 
773 0 |t Ars aeterna : across cultures across centuries - acknowledging the difference  |g Roč. 2, č. 1 (2010), s. 168-169 
958 |a OND 
958 |a EUIPO 
958 |a article5 
999 |c 3240541  |d 3242471